00899nac a22002291u 4500020001500000082001600015090001500031100003400046245008600080260004100166300003400207500002600241504005200267511002600319650002400345650002200369650003400391942001900425999001500444952010500459952010500564 a041925790X a690.21bATK c8301d8301 aAtkinson, Michael F.  aStructural defects reference manual for low-rise buildings /c Michael F.Atkinson a London :b E & FN Spon, 2000c2000 avi, 230 p. :b ill. ;c30 cm. adistributer: Al-Ahram a Includes bibliographical references and index. acatalogued by: wessam aBuildingsx Defects aBuilding failures aBuilding materialsx Defects. cBBk690.21 ATK c8301d8301 00104070aMAINbMAINc1STd2008-03-02ePurchasel0o690.21 ATKp000009940r2025-07-15 00:00:00yBB 00104070aMAINbMAINc1STd2008-03-02ePurchasel0o690.21 ATKp000011324r2025-07-15 00:00:00yNB